| 000 | 00823cam a2200253 a 4500 | ||
|---|---|---|---|
| 001 | 17006625 | ||
| 005 | 20260624180232.0 | ||
| 008 | 111019m20119999sz a b 001 0 eng | ||
| 020 | _a9789241547451 (pbk.) | ||
| 020 | _a9789241548540 (v. 2) | ||
| 040 | _cPK-LaUMT | ||
| 082 |
_a616.07543 _bWOR-M |
||
| 110 |
_aWorld Health Organization _913209 |
||
| 245 | 0 | 0 |
_aManual of diagnostic ultrasound / _cWorld Health Organization ; edited by Harald Lutz and Elisabetta Buscarini |
| 250 | _a2nd ed. | ||
| 260 |
_aGeneva : _bWorld Health Organization, _c2013 |
||
| 300 |
_a2 vols. : _bill. ; _c24 cm. |
||
| 500 | _aIndex present | ||
| 546 | _aEng | ||
| 650 | 0 |
_aDiagnostic ultrasonic imaging _xHandbooks, manuals, etc. _913210 |
|
| 700 | 1 |
_aLutz, Harald, _913211 |
|
| 700 | 1 |
_aBuscarini, Elisabetta. _913212 |
|
| 942 | _cBK | ||
| 999 |
_c108458 _d108458 |
||